000 00476nam a2200169Ia 4500
999 _c28830
_d28830
003 OSt
005 20210105123422.0
008 190216s9999||||xx |||||||||||||| ||und||
040 _coclc
082 _a894.8122
_bTHO/S
100 _aThozhiyoor, V A S
_98156
245 0 _aSangeethame Jeevitham /
_cV A S Thozhiyoor
260 _bPen Books,
_aAluva:
_c2006.
300 _a158p
650 _aNadakam
942 _cBK
_2ddc
_h894.8122
_iTHO/S
_k894.8122
_mTHO/S